| 000 | 00785cam a2200205 a 4500 | ||
|---|---|---|---|
| 020 | _a8176295248 | ||
| 082 |
_a711.4 _bDHA _cN-01,P-95 |
||
| 100 | 1 |
_aDhaliwal, S. S. _945260 |
|
| 245 | 1 | 0 |
_aUrban infrastructure development in small and medium towns / _cS.S. Dhaliwal. |
| 260 |
_aNew Delhi : _bDeep & Deep Publications, _cc2004. |
||
| 300 |
_axvii, 226 p. : _bill. ; _c24 cm. |
||
| 520 | _aOn the status of infrastructure (economics) with reference to urbanizing small and medium towns of India. | ||
| 526 |
_a0 _b0 _c0 _d711_400000000000000_DHA |
||
| 650 | 0 |
_aCities and towns _zIndia _xGrowth. _945261 |
|
| 650 | 0 |
_aInfrastructure (Economics) _zIndia. _945262 |
|
| 650 | 0 |
_aMCE _9379 |
|
| 650 | 0 |
_aUrban poor _zIndia. _945263 |
|
| 650 | 0 |
_aUrbanization _zIndia. _945264 |
|
| 942 |
_2ddc _cBK |
||
| 999 |
_c548829 _d548829 |
||